书目信息 |
| 题名: |
初等数论
|
|
| 作者: | 闵嗣鹤 , 严士健 编 | |
| 分册: | ||
| 出版信息: | 北京 高等教育出版社 1982 |
|
| 页数: | 200页 | |
| 开本: | 21cm | |
| 丛书名: | ||
| 单 册: | ||
| 中图分类: | O156.1 | |
| 科图分类: | ||
| 主题词: | 初等数论--高等学校--教学参考资料 | |
| 电子资源: | ||
| ISBN: | 7-04-001259-6 | |
| 000 | 00748nam0 2200277 45 | |
| 001 | 0182000626 | |
| 005 | 20040707090814.0 | |
| 010 | @a7-04-001259-6@dCNY6.70 | |
| 091 | @a13012.0880 | |
| 100 | @a19950525d1982 em y0chiy0121 ea | |
| 101 | 0 | @achi |
| 102 | @aCN@b110000 | |
| 105 | @ay z 000yy | |
| 106 | @ar | |
| 200 | 10 | @a初等数论@Achu deng shu lun@f闵嗣鹤,严士健编 |
| 205 | @a2版 | |
| 210 | @a北京@c高等教育出版社@d1982 | |
| 215 | @a200页@d21cm | |
| 300 | @a高等学校教学参考书 | |
| 606 | @a初等数论@x高等学校@x教学参考资料 | |
| 690 | @aO156.1@v3 | |
| 701 | 0 | @a闵嗣鹤@Amin si he@4编 |
| 701 | 0 | @a严士健@Ayan shi jian@4编 |
| 801 | 0 | @aCN@b上海图书馆@c20040518 |
| 801 | 2 | @aCN@bNLC@c20040518 |
| 905 | @dO156.1@e20=2@b281161@f1 | |
| 初等数论/闵嗣鹤,严士健编.-2版.-北京:高等教育出版社,1982 |
| 200页;21cm |
| 高等学校教学参考书 |
| ISBN 7-04-001259-6:CNY6.70 |
| ● |
| 相关链接 |
|
|
|
|
正题名:初等数论
索取号:O156.1/20=2
 
预约/预借
| 序号 | 登录号 | 条形码 | 馆藏地/架位号 | 状态 | 备注 |
| 1 | 0281161 | 002811611 | 第三借阅区/ [索取号:O156.1/20=2] | 在馆 | |
| 2 | 0281162 | 002811620 | 第三借阅区/ [索取号:O156.1/20=2] | 在馆 | |
| 3 | 0281163 | 002811639 | 第三借阅区/ [索取号:O156.1/20=2] | 在馆 | |
| 4 | 0281164 | 002811648 | 第三借阅区/ [索取号:O156.1/20=2] | 在馆 | |
| 5 | 0281165 | 002811657 | 第三借阅区/ [索取号:O156.1/20=2] | 在馆 | |
| 6 | 0281166 | 002811666 | 第三借阅区/ [索取号:O156.1/20=2] | 在馆 | |
| 7 | 0281167 | 002811675 | 第三借阅区/ [索取号:O156.1/20=2] | 在馆 | |
| 8 | 0281168 | 002811684 | 第三借阅区/ [索取号:O156.1/20=2] | 在馆 | |
| 9 | 0281169 | 002811693 | 第三借阅区/ [索取号:O156.1/20=2] | 在馆 | |
| 10 | 0281170 | 002811700 | 第三借阅区/ [索取号:O156.1/20=2] | 在馆 |